| 000 | 00546cam a2200217ua 4500 | ||
|---|---|---|---|
| 020 |
_a0-07-100501-3 _c299.00 |
||
| 041 |
_aeng _h |
||
| 082 |
_a620.0078 _bHOL/EX |
||
| 100 | _aHolman, J.P . | ||
| 245 |
_aExperimental methods for engineers / _cJ.P.Holman. _hTextual Documents |
||
| 250 |
_a5 / _b. |
||
| 260 |
_aNew York : _bMcGraw Hill Book Company , _c1989. |
||
| 300 | _a541 ; . | ||
| 365 | _a299.00 | ||
| 500 | _a*CSS | ||
| 504 | _a | ||
| 942 | _cBK | ||
| 999 |
_c10773 _d10773 |
||